| 000 | 00489nam a2200181Ia 4500 | ||
|---|---|---|---|
| 008 | 240925s9999 xx 000 0 und d | ||
| 020 | _a9788121904346 | ||
| 082 | _a330 GUP | ||
| 100 | _aGupta, Suraj B. | ||
| 245 | 0 | _aMonetary Economics: institutions, theory and policy | |
| 250 | _aNA | ||
| 260 |
_aNew Delhi: _bS. Chand & Company LTD _c,1982. |
||
| 300 |
_a284p. _b0 _fOriginal |
||
| 500 | _aIncludes Index | ||
| 600 | _aSocial Sciences | ||
| 650 | _aSocial Sciences | ||
| 942 | _cBK | ||
| 999 |
_c17397 _d17397 |
||